| 000 | 00838nam a2200289 a 4500 | ||
|---|---|---|---|
| 001 | 000114501 | ||
| 003 | CHAP | ||
| 005 | 20220329144444.0 | ||
| 008 | 180207s1980 mx |r| ||||||spa d | ||
| 010 | _a110962 | ||
| 011 | _a111934 | ||
| 020 | _a9684270143 | ||
| 040 | _cCHAP | ||
| 082 | 0 | 4 |
_a333.72 _bB3 1980 |
| 100 | 0 | 0 |
_aBassols Batalla, Angel. _910728 |
| 245 | 1 | 0 |
_aRecursos naturales de México : _bteoría, conocimiento y uso / _cpor Angel Bassols Batalla. |
| 250 | _a11 ed. | ||
| 260 |
_aMéxico, D.F. : _bEditorial Nuestro Tiempo, _c1980. |
||
| 300 | _a361 p. | ||
| 490 | _aLos grandes problemas nacionales | ||
| 590 |
_aE5765TAJ _b05 _c20180207 _lUCH01 _h1126 |
||
| 650 | 1 | 4 |
_aRecursos naturales _xMéxico. _995299 |
| 830 | 4 |
_aLos grandes problemas nacionales _968570 |
|
| 901 | _aBK | ||
| 942 | _cLIBRO | ||
| 942 | _n0 | ||
| 999 |
_c110962 _d110962 |
||